000 00407nam a2200145Ia 4500
008 230917s9999||||xx |||||||||||||| ||und||
040 _e189466
_aMAIN
041 _aEnglish
082 _a658.406 S24G
100 _aStanford, Naomi
245 0 _aGuide to organisation design: Creating high performing and adaptable enterprises
260 _aLondon
_bProfile books
_c2007
300 _a343 p.
942 _cBK
999 _c163760
_d163760